Kryštalografická analýza ako nástroj pre kontrolu čistoty a charakterizáciu komplexov s neznámou kryštálovou štruktúrou metódou práškovej difrakčnej analýzy
Saved in:
| Main Author: | |
|---|---|
| Other Authors: | |
| Format: | Manuscript Book |
| Language: | Slovak |
| Published: |
2020
|
| Subjects: | |
| Online Access: | http://is.stuba.sk/zp/portal_zp.pl?podrobnosti=141942 |
| Tags: |
No Tags, Be the first to tag this record!
|
MARC
| LEADER | 00000ntm a22000003a 4500 | ||
|---|---|---|---|
| 001 | stuzp78703 | ||
| 003 | SK-STU | ||
| 005 | 20200718211059.4 | ||
| 007 | ta | ||
| 008 | 150427s2015----xo-----f-mn---000-0-slo-d | ||
| 040 | |a STU |b slo | ||
| 041 | 0 | |a slo | |
| 100 | 1 | |a Sádecká, Monika |u 042190 |4 aut |U FCHPT Ústav anorganickej chémie, technológie a materiálov |T FCHPT Oddelenie anorganickej chémie |X 91959 |U C2190 |Y 112 |7 91959 | |
| 242 | 0 | 1 | |a Crystallographic analysis as a tool for purity control and characterization of complexes with unknown crystal structure by powder diffraction analysis |y eng |
| 245 | 1 | 0 | |a Kryštalografická analýza ako nástroj pre kontrolu čistoty a charakterizáciu komplexov s neznámou kryštálovou štruktúrou metódou práškovej difrakčnej analýzy |
| 260 | |c 2020 | ||
| 650 | 4 | |a prášková difrakčná analýza |2 slo | |
| 650 | 4 | |a kryštalografická analýza |2 slo | |
| 650 | 4 | |a kryštalografické údaje |2 slo | |
| 650 | 4 | |a crystallographic data |2 eng | |
| 650 | 4 | |a powder diffraction analysis |2 eng | |
| 650 | 4 | |a crystallographic analysis |2 eng | |
| 700 | 1 | |a Jorík, Vladimír |u 042190 |k Z1 |4 ths |U FCHPT Ústav anorganickej chémie, technológie a materiálov |T FCHPT Oddelenie anorganickej chémie |X 3379 |U C2190 |Y 112 |7 A000003379 | |
| 856 | 4 | |u http://is.stuba.sk/zp/portal_zp.pl?podrobnosti=141942 | |